|
|
|
|
| LEADER |
00000nam0a2200000 4500 |
| 001 |
236692 |
| 005 |
20231101231505.0 |
| 010 |
|
|
|a 9783527334353
|
| 035 |
|
|
|a (RuTPU)RU\TPU\book\257858
|
| 090 |
|
|
|a 236692
|
| 100 |
|
|
|a 20130429d2012 k y0engy50 ba
|
| 101 |
0 |
|
|a eng
|
| 102 |
|
|
|a DE
|
| 105 |
|
|
|a a z 001zy
|
| 200 |
1 |
|
|a Corrosion Resistance of High-Performance Materials - Titanium, Tantalum and Zirconium
|f editer by M. Schutze, R. Bender, K.-G. Schutze
|
| 210 |
|
|
|a Frankfurt
|c Dechema
|d 2012
|
| 215 |
|
|
|a 511 p.
|c il.
|
| 320 |
|
|
|a Bibliography: p. 474-491.
|
| 320 |
|
|
|a Index: p. 493-511.
|
| 330 |
|
|
|a Corrosion resistance is the property of a material to resist corrosion attack in a particular aggressive environment. Although titanium, tantalum and zirconium are not noble metals, they are the best choice whenever high corrosion resistance is required. The exceptionally good corrosion resistance of these high-performance metals and their alloys results from the formation of a very stable, dense, highly adherent, and self-healing protective oxide film on the metal surface. This naturally occurring oxide layer prevents chemical attack of the underlying metal surface. This behavior also means, however, that high corrosion resistance can be expected only under neutral or oxidizing conditions. Under reducing conditions, a lower resistance must be reckoned with. Only very few inorganic and organic substances are able to attack titanium, tantalum or zirconium at ambient temperature. As the extraordinary corrosion resistance is coupled with an excellent formability and weldability these materials are very valuable for a large number of applications, such as heat exchangers, reaction vessels, furnace construction, radiation shielding, implants for medical technology, and capacitor components in electronics.
|
| 606 |
1 |
|
|a Титан
|x Коррозионная стойкость
|2 stltpush
|3 (RuTPU)RU\TPU\subj\60642
|9 77880
|
| 606 |
1 |
|
|a Цирконий
|x Коррозия
|2 stltpush
|3 (RuTPU)RU\TPU\subj\18337
|9 43788
|
| 606 |
1 |
|
|a Тантал
|x Металлургия
|2 stltpush
|3 (RuTPU)RU\TPU\subj\58560
|9 76340
|
| 610 |
1 |
|
|a металлы
|
| 610 |
1 |
|
|a редкие металлы
|
| 610 |
1 |
|
|a коррозивность
|
| 610 |
1 |
|
|a коррозийные процессы
|
| 610 |
1 |
|
|a коррозийные разрушения
|
| 610 |
1 |
|
|a защита от коррозии
|
| 610 |
1 |
|
|a английский язык
|
| 675 |
|
|
|a 669.295
|v 3
|
| 675 |
|
|
|a 669.294
|v 3
|
| 675 |
|
|
|a 669.296
|v 3
|
| 702 |
|
1 |
|a Schutze
|b M.
|g Michael
|4 340
|
| 702 |
|
1 |
|a Bender
|b R.
|g Roman
|4 340
|
| 702 |
|
1 |
|a Schutze
|b K.-G.
|g Karl-Gunther
|4 340
|
| 801 |
|
1 |
|a RU
|b 63413507
|c 20130429
|
| 801 |
|
2 |
|a RU
|b 63413507
|c 20131125
|g RCR
|
| 942 |
|
|
|c BK
|
| 959 |
|
|
|a 87/20130424
|d 1
|e 0
|f ЧЗИЛ:1
|